000 00249nam a22001097a 4500
040 _csy
082 _a330
100 _aអ៊ុន យ៉េត
245 _aភូមិវិទ្យារូប
260 _aRUP
_bអ៊ុន
_c1987
942 _cKB
999 _c8507
_d8507